| 000 | 00429nam a22001810a 4500 | ||
|---|---|---|---|
| 001 | PT34158 | ||
| 003 | AR-LpoUNG | ||
| 005 | 20210131230148.0 | ||
| 008 | 191001suuuu||||cl |||||||||||||||||spa d | ||
| 040 |
_aAR-LpoUNG _bspa _cAR-LpoUNG _eaacr |
||
| 041 | _aspa | ||
| 082 | 0 | _aR103 263dic | |
| 100 | 1 | _aSavater, Fernando | |
| 245 | 1 | 0 | _aDiccionario filosófico |
| 260 |
_as.l. _bPlaneta, _cs.f. |
||
| 905 | _a34158 | ||
| 942 | _cLSALA | ||
| 999 |
_c1827 _d1827 |
||